• 首页
  • 本馆介绍
  • 公告通知
  • 最新文献
  • 馆藏检索
  • 电子资源
  • 读者导购
  • 参考咨询
  • 我的图书馆
  • 登录
  • 详细信息显示
  • 放入我的书架
  • 预约/预借图书
  • 作者相关作品
  • 分类相关作品
  • 丛书相关作品
  • 出版社相关作品

书目信息

  • 表格格式
  • 工作单格式
  • 卡片格式
题名:
旧唐书
    
 
作者: 刘桒 撰
分册: 六   志
出版信息: 北京   中华书局  1975
页数: 1783-2159页
开本: 20cm
丛书名:
单 册:
中图分类: K242.42
科图分类:
主题词: 古代史--史籍--中国--唐代
电子资源:
ISBN:
000 00616nam0 2200241 45
001 1550912314
005 20150122141030.31
010    @dCNY1.00
100    @a19951017d1975 em y0chiy0121 ea
101 0  @achi
102    @aCN@b110000
105    @ay z 000yy
200 10 @a旧唐书@Ajiu tang shu@h六@i志@f(后晋)刘桒等撰
210    @a北京@c中华书局@d1975
215    @a1783-2159页@d20cm
517 1  @a志@Azhi
606    @a古代史@x史籍@y中国@z唐代
607    @a中国@x古代史@z唐代
690    @aK242.42@v3
701  0 @a刘桒@Aliu xu@4撰
801  0 @aCN@bTSSF@c20150122
801  2 @aCN@bNLC
905    @aZUCC@dK242.42@eJY1:6
    
    旧唐书.六.志/(后晋)刘桒等撰.-北京:中华书局,1975
    1783-2159页;20cm
    
    
    ISBN :CNY1.00
    
●
相关链接 在E读中查询图书 在五车中查询图书 在当当中查询图书 在豆瓣中查询图书


正题名:旧唐书     索取号:K242.42/JY1:6         预约/预借

序号 登录号 条形码 馆藏地/架位号 状态 备注
1 7843364   278433642   学院路分馆/ [索取号:K242.42/JY1:6] 在馆    
2 7843365   278433651   学院路分馆/ [索取号:K242.42/JY1:6] 在馆    
唐山师范学院图书馆 欢迎您!
大连网信软件有限公司© 版权所有